Poesía completa
Furkejuvvon:
| Váldodahkki: | |
|---|---|
| Materiálatiipa: | Girji |
| Giella: | Undetermined |
| Almmustuhtton: |
Barcelona, España
Río Nuevo
1986
|
| Fáttát: | |
| Fáddágilkorat: |
Lasit fáddágilkoriid
Eai fáddágilkorat, Lasit vuosttaš fáddágilkora!
|
MARC
| LEADER | 00000nam a2200000Ia 4500 | ||
|---|---|---|---|
| 008 | 170316s9999 xx 000 0 und d | ||
| 999 | |c 6261 |d 6261 | ||
| 040 | |a cru BVZT | ||
| 090 | |a 810 W-24p | ||
| 100 | |a Whitman, Walt | ||
| 245 | |a Poesía completa | ||
| 260 | |a Barcelona, España | ||
| 260 | |b Río Nuevo | ||
| 260 | |c 1986 | ||
| 300 | |a 263 páginas Tomo II | ||
| 650 | |a LITERATURA ESTADOUNIDENSE |9 25 | ||
| 942 | |c 15 D |h 810 W-24p |2 z | ||
